000 nam a22 7a 4500
999 _c329266
_d329266
003 Nust
005 20170502121738.0
008 170502b xxu||||| |||| 00| 0 eng d
020 _a8176485306
040 _c0
082 _a333.714 TRI
100 _aTrivedi,Prof.P.R
245 _aEnvironmental impact Assessment
_cProf.P.R.Trivedi
260 _aNew Delhi
_bAPH Publishing Corporation
_c2004
300 _a168p.
500 _aH.B
942 _2ddc
_cBK
_k333.714 TRI